載入...

Semantemes and morphemes in tamil language. /

書目詳細資料
主要作者: Ilakkuvan, S.
語言:Undetermined
主題:
LEADER 00382nam a2200121Ia 4500
001 72248
008 170722s9999 xx 000 0 und d
100 |a Ilakkuvan, S. 
245 |a Semantemes and morphemes in tamil language. / 
653 |a Tamil Language 
942 |c GEN 
999 |c 48460  |d 48460 
952 |0 0  |1 0  |4 0  |6 P_313_J7  |7 0  |9 68519  |a LIB  |b LIB  |d 2017-08-12  |o P31,3 -J7  |p 60164  |r 2017-08-12  |w 2017-08-12  |y GEN